000 01296cam a22002891i 4500
003 SA-RiAUC
005 20250718135120.0
008 250717s2013 su f 00010dara c
020 _a9786038129210
020 _a1905122446
040 _aSA-MaUQU
_bara
_cSA-RiAUC.
_erda
043 _aa-su---
082 0 4 _a953.121
_qSA-RiAUC
090 _a953.121
_bي م ا
100 1 _aيماني، أحمد زكي،
_d1349 هجري-
_eمؤلف.
245 1 0 _aدار السيدة خديجة بنت خويلد رضى الله عنها في مكة المكرمة :
_bدراسة تاريخية للدار وموقعها وعمارتها /
_cتأليف أحمد زكي يماني.
250 _aالطبعة الأولى.
264 1 _aمكة المكرمة :
_bمؤسسة الفرقان للتراث الإسلامي،
_c2013
300 _a172 صفحة ؛
_c24 سم
336 _aنص
_btxt
_2rdacontent
_3كتاب
337 _aبدون وسيط
_bn
_2rdamedia
338 _aمجلد
_bnc
_2rdacarrier
600 1 7 _aأم المؤمنين، خديجة بنت خويلد بن أسد،
_d68-3 قبل الهجرة
_xمساكن وأماكن الارتياد
_2aucnm
651 7 _aمكة المكرمة
_xآثار إسلامية
_2aucsh
942 _2ddc
_cBOOK
_n0
949 _aSA-JeALM
_d250717
_umohamedma123
_n1
999 _c10052
_d10052